Tribhuvan University Central Library

Audio-visual education in India (Record no. 58869)

MARC details
000 -LEADER
fixed length control field 00562 a2200217 4500
041 ## - LANGUAGE CODE
Language code of text/sound track or separate title Eng
082 ## - DEWEY DECIMAL CLASSIFICATION NUMBER
Classification number 371.33
Item number C349a
100 ## - MAIN ENTRY--PERSONAL NAME
Personal name Chakravarti, Sujit K.
9 (RLIN) 19087
245 ## - TITLE STATEMENT
Title Audio-visual education in India
250 ## - EDITION STATEMENT
Edition statement 3rd rev and enl ed
260 ## - PUBLICATION, DISTRIBUTION, ETC.
Place of publication, distribution, etc. Calcutta
Name of publisher, distributor, etc. Oxford
Date of publication, distribution, etc. 1967
300 ## - PHYSICAL DESCRIPTION
Extent 283p.
504 ## - BIBLIOGRAPHY, ETC. NOTE
Bibliography, etc. note Bibliography: p. 281
650 ## - SUBJECT ADDED ENTRY--TOPICAL TERM
Topical term or geographic name entry element Educational technology
9 (RLIN) 6079
650 ## - SUBJECT ADDED ENTRY--TOPICAL TERM
Topical term or geographic name entry element Teaching materials
650 ## - SUBJECT ADDED ENTRY--TOPICAL TERM
Topical term or geographic name entry element Audio visual education
9 (RLIN) 19088
651 ## - SUBJECT ADDED ENTRY--GEOGRAPHIC NAME
Geographic name India
653 ## - INDEX TERM--UNCONTROLLED
Uncontrolled term Education
942 ## - ADDED ENTRY ELEMENTS (KOHA)
Source of classification or shelving scheme Dewey Decimal Classification
Koha item type General Collections
518 ## - DATE/TIME AND PLACE OF AN EVENT NOTE
-- 2067-11-9
Holdings
Withdrawn status Lost status Source of classification or shelving scheme Damaged status Not for loan Home library Current library Date acquired Total Checkouts Full call number Barcode Date last seen Price effective from Koha item type
    Dewey Decimal Classification     Tribhuvan University Central Library Tribhuvan University Central Library 06/21/2011   371.33 C349a 40120 06/21/2011 06/21/2011 General Collections